Los sepulcros megalíticos catalanes y la cultura pirenaica
Wedi'i Gadw mewn:
| Prif Awdur: | |
|---|---|
| Fformat: | Llyfr |
| Iaith: | Sbaeneg |
| Cyhoeddwyd: |
Barcelona
Instituto de Estudios Pirenaicos
1950
|
| Rhifyn: | 2a. ed |
| Cyfres: | Prehistoria y Arqueología, 4
|
| Pynciau: | |
| Tagiau: |
Ychwanegu Tag
Dim Tagiau, Byddwch y cyntaf i dagio'r cofnod hwn!
|
MARC
| LEADER | 00000nam a2200000 a 4500 | ||
|---|---|---|---|
| 001 | UCP7883 | ||
| 003 | CL-VaPUC | ||
| 008 | 000106e19500000SP |||||||||||||||||spa|d | ||
| 082 | 0 | 4 | |a 930.146 |b PER |2 21 |
| 100 | 0 | |a Pericot García, Luis |e author |9 437566 | |
| 245 | 1 | 4 | |a Los sepulcros megalíticos catalanes y la cultura pirenaica |
| 250 | |a 2a. ed | ||
| 300 | |a 273 p | ||
| 942 | |c BK | ||
| 945 | |d 20000106 00:00:00 |a rherrera | ||
| 260 | |a Barcelona |b Instituto de Estudios Pirenaicos |c 1950 | ||
| 650 | 0 | |a Arqueología |9 265619 | |
| 650 | 7 | |a EDAD DE PIEDRA |2 CL-VaPUC |9 351856 | |
| 650 | 7 | |a SEPULCROS |2 CL-VaPUC |9 437499 | |
| 651 | 7 | |a PIRINEOS |2 CL-VaPUC |9 332720 | |
| 651 | 0 | |a España |9 254926 | |
| 651 | 0 | |a Francia |9 255157 | |
| 583 | |a last modification |c 20000106 00:00:00 |k Rodrigo Vera | ||
| 490 | 0 | |a Prehistoria y Arqueología, 4 | |
| 999 | |c 284921 |d 284919 | ||
| 952 | |0 0 |1 0 |4 0 |6 930_146000000000000_PER_1950 |7 0 |8 A |9 329229 |a BIBHIS |b BIBHIS |d 2019-11-20 |i 1377906 |o 930.146 PER 1950 |p 1377906 |r 2025-01-20 |w 2019-11-20 |y BK |k HIS | ||